Регионална библиотека "Любен Каравелов" - Русе

Приказки за детективи + забавни игри (Запис номер 151998)

MARC детайли
000 -Лидер
Контролно поле с фиксирана дължина 01721nam a2200421 c 4500
003 - Код на организацията, давaща контролен номер
Контролно поле BLK
005 - Дата и час на последна редакция
Контролно поле 20250721173351.0
008 - Елементи от данни с фиксирана дължина
fixed length control field 180410b bul|||||r ||||||| ||bul||
010 ## - Наследен системен номер
LC control number KNG00158441000
020 ## - Международен стандартен номер на книга ISBN
Международен стандартен номер на книга ISBN 978-954-625-824-3
-- издат.: Фют
040 ## - Източник на каталожния запис
Идентификатор на билиотеката - собственик на записа BLK
041 ## - Код за език
Код за езика на текст/звукозапис или на отделно заглавие Български
Код за езика КДБФ Български
072 #7 - Код за тематичната категория
Код организация bullib
Код за тематична категория Н85
Текст Детска художествена литература Н
080 ## - УДК
Текстов определител УДК Английска литература
УДК код - определител по УДК 821.111
УДК определител -93-91
УДК - код + определител 821.111-93-91
100 1# - Редна дума - Автор
Автор Еверет, Фелисити
Авторска отговорност първи автор
R(LIN) 331634
139 ## - Редно поле
Редна дума Еверет, Фелисити
Авторски знак Евер - Е 17
245 10 - Сведения за заглавието
Заглавие Приказки за детективи + забавни игри
Редно поле (дума) Фелисити Еверет; адапт. Лесли Симс; ил. Кристиян Фокс.
257 ## - Страна на издаване
Страна на създаване/издаване Великобритания
260 ## - Област на издателските данни
-- София
Име на издателя, разпространителя и проч. Фют
Година на издаване 2013
Печатница София : Лито Балкан
300 ## - Физическа характеристика
Страници 56 с.
Илюстрации и др. с цв. ил.
Размери/Мащаб 20 см
380 ## - Жанр
Жанр Детска худож. лит.
490 1# - СЕРИИ (Колекции)
Име на серия Библиотека Славейче
500 ## - Общи забележки
Забележка Ориг. загл. The Burglar's Breakfast. - Съдържа и Речник ; Забавни задачи + Читателски дневник.
650 #4 - Допълнително описание по предмет – тема
Основно описание – тема или топоним Книги-игри
9 (RLIN) 158798
653 ## - Ключова дума – ненормативна
Ключова дума приказки
653 ## - Ключова дума – ненормативна
Ключова дума книги-игри
653 ## - Ключова дума – ненормативна
Ключова дума литература за деца
653 ## - Ключова дума – ненормативна
Ключова дума детска литература
659 ## - Тематичен бюлетин
Тематичен бюлетин Н
700 1# - Други автори (авторска отговорност)
Лично име Симс, Лесли
Автороска отговорност (Описва отношението между автора и произведението) адапт.
9 (RLIN) 378177
700 1# - Други автори (авторска отговорност)
Лично име Фокс, Кристиян
Автороска отговорност (Описва отношението между автора и произведението) ил.
9 (RLIN) 280126
852 ## - Местоположение
Форматна сигнатура Цб 268248
856 4# - Електронен адрес и достъп
Електронен формат pdf - файл
Път до файла /url/
856 4# - Електронен адрес и достъп
Електронен формат pdf - файл
Път до файла /url/
942 ## - АРТИКУЛИ
Вид на библиотечния материал Книги
Скрит в OPAC Не
Koha issues (borrowed), all copies 53
944 ## - СЪЗДАВАНЕ И РЕДАКЦИЯ на ЗАПИСА
Създаване/Редакция Създаване
Дата на регистрацията/редакция 24.03.2014
Статус, дата на статуса Анна Гръцманова
Служител, извършил регистрацията/редакцията 30564
944 ## - СЪЗДАВАНЕ И РЕДАКЦИЯ на ЗАПИСА
Създаване/Редакция Редакция
Дата на регистрацията/редакция 03.10.2014
Статус, дата на статуса ф /
Служител, извършил регистрацията/редакцията
999 ## - СИСТЕМНИ КОНТРОЛНИ НОМЕРА
Koha biblionumber 151998
Koha biblioitemnumber 151998
Наличности
Код за отписване Код за изгубен артикул Код за повреда Коз за рестрикции Код за отдаване Артикулен № Име на библиотеката - собственик Име на библиотеката, в която се намира в момента Статус (Текущо местоположение) Дата на вписване в системата Местоположение - отдел Цена в лева Инвентарен номер Систематично азбучна сигнатура Баркод Номер на екземпляра Цена в евро Служебна бележка Служебен тип на артикула Източник на класификационната схема
  Не е изгубен Не е повреден без рестрикции заемане за дома 253803 Регионална библиотека "Любен Каравелов" Русе Регионална библиотека "Любен Каравелов" Русе Детски отдел 2014-03-24 Детски отдел 3.90 120000775996 ДХ 820/899/Е 17 120000775996 1 1.99 Дост: Pk Вид: Ф N: 392 Дата: 21.03.2014 Дата инв: 17.08.2015 Бележки инв: Д2015 Книги  
  Не е изгубен Не е повреден без рестрикции заемане за дома 253804 Регионална библиотека "Любен Каравелов" Русе Регионална библиотека "Любен Каравелов" Русе Детски отдел 2014-03-24 Детски отдел 3.90 120000775997 ДХ 820/899/Е 17 120000775997 2 1.99 Дост: Pk Вид: Ф N: 392 Дата: 21.03.2014 Дата инв: 17.08.2015 Бележки инв: Д2015 Книги Universal Decimal Classification
  Не е изгубен Не е повреден без рестрикции заемане за дома 253805 Регионална библиотека "Любен Каравелов" Русе Регионална библиотека "Любен Каравелов" Русе Детски отдел 2014-06-05 Детски отдел 3.90 120000777914 ДХ 820/899/Е 17 120000777914 3 1.99 Дост: Pk Вид: Ф N: 399 Дата: 03.06.2014 Дата инв: 24.09.2015 Бележки инв: Д2015 Книги Universal Decimal Classification
  Не е изгубен Не е повреден без рестрикции заемане за дома 253806 Регионална библиотека "Любен Каравелов" Русе Регионална библиотека "Любен Каравелов" Русе Детски отдел 2014-06-05 Детски отдел 3.90 120000777915 ДХ 820/899/Е 17 120000777915 4 1.99 Дост: Pk Вид: Ф N: 399 Дата: 03.06.2014 Дата инв: 17.08.2015 Бележки инв: Д2015 Книги Universal Decimal Classification
  Не е изгубен Не е повреден без рестрикции ползва се в читалня 253807 Регионална библиотека "Любен Каравелов" Русе Регионална библиотека "Любен Каравелов" Русе Хранилище 2014-10-03 Хранилище 3.90 120000781303 Цб 268248 120000781303 5 1.99 Дост: Dp Вид: Д N: 3 Дата: 24.01.2014 Книги  
Изтеглен Не е изгубен Не е повреден без рестрикции заемане за дома 689010 Регионална библиотека "Любен Каравелов" Русе Регионална библиотека "Любен Каравелов" Русе Детски отдел 2019-02-11 Детски отдел 3.90   ДХ 820/899/Е 17 120000829647   1.99   Книги Universal Decimal Classification
Vip Innovations Ltd, Rousse, Bulgaria 2025